000 00298nam a22001337a 4500
008 181031b xxu||||| |||| 00| 0 eng d
020 _a9780072831924
041 _aeng
080 _a316
100 _a50
101 _aSOC
245 _aMorality and the Good Life
_cSolomon, R.C
942 _2udc
_cBK
999 _c51365
_d51365